000 01402nam a2200385 c 4500
001 60441
003 CO-BoRNBP
005 20260209140343.0
007 ta
008 160713s2013 ck jr 000 f spa d
020 _a9789588654751
040 _aCO-BoRNBP
_bspa
_erda
_cCO-BoRNBP
041 1 _aspa
_heng
043 _ae-uk-en
084 _aN
100 1 _aDickens, Charles
_d1812-1870
_eaut
_9732
245 1 0 _aCanción de navidad y otros relatos /
_cCharles Dickens ; traducción de Santiago R. Santerbás, Marian Womack, Enrique Gil-Delgado ; edición de Benjamín Prado.
250 _aEdición especial
264 1 _aBogotá, Colombia :
_bCátedra,
_c2013
300 _a182 páginas
336 _atexto
_btxt
_2rdacontent
337 _asin mediación
_bn
_2rdamedia
338 _avolumen
_bnc
_2rdacarrier
490 0 _aPlan Nacional de Lectura y Escritura Leer es mi Cuento.
_a2013
521 1 _aRecomendado para un público mayor de 12 años
650 1 7 _aAvaricia en la literatura
_2rnbp
_92320
650 1 7 _aNovela inglesa
_ySiglo XIX
_2rnbp
_92496
650 0 7 _aVanidad en la Literatura.
_2rnbp
_968698
650 1 7 _aLiteratura inglesa
_ySiglo XIX
_2rnbp
_92497
700 1 0 _aGil-Delgado, Enrique,
_d1944-
_etrl
_968699
700 1 0 _aPrado, Benjamín
_eedt
_968700
700 1 7 _aSanterbás, Santiago R.,
_etrl
_939874
700 1 0 _aWomack, Marian,
_d1975-
_etrl
_968701
942 _2loc
_cBKLIT
999 _c60441
_d60441